Malá encyklopédia slovenskej štátnosti recenzia monografie Slovenská republika - budovanie suverénneho štátu

Bibliographic Details
Main Author: Holečko, Miroslav, 1950- (Author)
Format: Article
Language:Slovak
ISSN:1335-4515
Subjects:

MARC

LEADER 00000nab a2200000 a 4500
001 vtls000842374
003 SK-MaSNL
005 20260304182817.0
008 180206c2003 xo 0 slo
015 |a SNBRB2003/08-22589 
035 |a CLN000194029 
040 |a SNKBUCL  |b slo  |c SNKBUCL  |e AACR2 
041 0 |a slo 
044 |a xo  |c SK 
080 |a 94(437.6)"19":342.2(048)  |2 UDC-MRF-SK2 
080 |a 342.2(437.6)(091)(048)  |2 UDC-MRF-SK2 
100 1 |a Holečko, Miroslav,  |d 1950-  |4 aut  |9 237717 
245 1 0 |a Malá encyklopédia slovenskej štátnosti  |b recenzia monografie Slovenská republika - budovanie suverénneho štátu  |c Miroslav Holečko 
650 0 7 |a slovenská štátnosť  |2 SNKPH  |9 71494 
651 7 |a Slovensko  |x dejiny  |2 SNKPHgeo  |9 13278 
655 7 |a články z novín a časopisov  |2 snkbucl  |9 267496 
773 0 |x 1335-4515  |t Národná osveta  |g Roč. 13, č. 6 (2003), s. 22-23 
787 0 8 |i Rec.:  |a Chovanec, Jaroslav  |t Slovenská republika - budovanie suverénneho štátu  |d Bratislava : Procom, 2001 
850 |a Slovenská národná knižnica v Martine 
852 |a SNK  |b KIS3GCP 
958 |a RBX 
999 |c 3031313  |d 3033243